00915cam a22002651a 450000100100000000500170001000800410002701000130006803500200008104000400010104200120014108200160015310000470016924500560021626000330027230000210030549000410032665000280036765000310039583000460042691000340047204900090050695201190051599900150063400000848620200929161341.0840709s1958 sp 000 0 spa  a55027019 a(OCoLC)10927146 aDO-SdBNPcWOshUdWOshUdCSdUdBNPHU apremarc a863.6bB6441 aBlasco Ibanez, Vicente,d1867-1928.91501710aCañas y barro :bnovela /cVicente Blasco Ibanez. aBarcelona :bPlaneta,c1958. a305 p. ;c20 cm.1 a"Autores espanoles contemporáneos" 4aNovela española91123 4aLiteratura española9632 0aAutores espanoles contemporáneos.94154 aCatalogación por copia / LC aBNGR 001052708MOaGRbGRcCTd2009-09-16iLF1l0o863.6 B644p8486-10r2020-06-25w2020-06-25y2ZPréstamo interno c8257d8257